000 00693cam a2200229 a 4500
001 320
003 BR-CuiBMT
005 20231024233213.0
008 231016s2017 mgb 000 0 por d
020 _a9788545003984
040 _aBR-CuiBMT
_cBR-CuiBMT
080 _22007
_a347.4
090 _a347.4
_bD541r
100 1 _aDias, Antônio Pedro Medeiros
245 1 0 _aRevisão e resolução do contrato por excessiva onerosidade /
_cAntônio Pedro Medeiros Dias ; prefácio, Gustavo Tepedino.
260 _aBelo Horizonte :
_bFórum,
_c2017.
300 _a199 p. ;
_c22 cm
504 _aInclui bibliografia.
650 _aDireito civil
650 _aDireitos dos contratos
942 _2udc
_cLV
999 _c320
_d320